[Event "African Games-chT 2019"]
[Site "Casablanca"]
[Date "2019.08.24"]
[Round "4.29"]
[White "Marie, Patrick"]
[Black "Asante Debesai Zerabruk"]
[Result "1/2-1/2"]
[WhiteElo "1921"]
[BlackElo "1712"]
[Annotator "NA"]
[PlyCount "186"]
[EventDate "2019.08.24"]
[EventType "team-tourn"]
[EventCountry "MAR"]
[SourceTitle "playchess.com"]
[Source "ChessBase"]
[SourceQuality "1"]
[WhiteTeam "Mauritius"]
[BlackTeam "Eritrea"]
[WhiteTeamCountry "MRI"]
[BlackTeamCountry "ERI"]
[TimeControl "900+10"]

1. e4 {[%emt 0:00:00]} c6 {[%emt 0:00:00]} 2. d4 {[%emt 0:00:00]} d5 {[%emt 0:00:00]} 3. exd5 {[%emt 0:00:04]} cxd5 {[%emt 0:00:00]} 4. c4 {[%emt 0:00:03]} Nf6 {[%emt 0:00:00]} 5. Nc3 {[%emt 0:00:24]} Nc6 {[%emt 0:00:00]} 6. Nf3 {[%emt 0:00:38]} Bg4 {[%emt 0:00:09]} 7. Be2 {[%emt 0:01:00]} dxc4 {[%emt 0:01:02]} 8. d5 {[%emt 0:00:11]} Bxf3 {[%emt 0:00:07]} 9. Bxf3 {[%emt 0:02:05]} Ne5 {[%emt 0:00:10]} 10. Be2 {[%emt 0:00:40]} e6 {[%emt 0:02:26]} 11. Qa4+ Qd7 {[%emt 0:00:16]} 12. dxe6 {[%emt 0:00:29]} Qxa4 {[%emt 0:00:26]} 13. exf7+ {[%emt 0:00:03]} Kxf7 {[%emt 0:00:12]} 14. Nxa4 {[%emt 0:00:05]} b5 {[%emt 0:00:43]} 15. Nc3 {[%emt 0:02:07]} Bb4 {[%emt 0:00:08]} 16. O-O {[%emt 0:00:24]} Bxc3 {[%emt 0:02:11]} 17. bxc3 {[%emt 0:00:03]} Rad8 {[%emt 0:00:07]} 18. Be3 Rd7 {[%emt 0:01:41]} 19. Bd4 {[%emt 0:01:32]} Nc6 {[%emt 0:00:25]} 20. Be3 {[%emt 0:01:23]} Re8 {[%emt 0:00:56]} 21. a4 {[%emt 0:00:32]} a6 {[%emt 0:00:27]} 22. axb5 {[%emt 0:00:02]} axb5 {[%emt 0:00:02]} 23. Bf3 {[%emt 0:00:37]} Ne5 {[%emt 0:00:14]} 24. Ba8 {[%emt 0:02:05]} Nd5 {[%emt 0:01:39]} 25. Bd4 {[%emt 0:00:11]} Nc7 {[%emt 0:01:35]} 26. f4 {[%emt 0:01:38]} Rxa8 {[%emt 0:00:56]} 27. fxe5+ {[%emt 0:00:03]} Ke6 {[%emt 0:00:07]} 28. Rxa8 {[%emt 0:01:45]} Nxa8 {[%emt 0:00:02]} 29. Rb1 {[%emt 0:00:15]} Rb7 {[%emt 0:00:53]} 30. Kf2 {[%emt 0:00:06]} Nc7 {[%emt 0:00:01]} 31. Kf3 {[%emt 0:00:10]} h6 {[%emt 0:00:30]} 32. Ke4 {[%emt 0:00:04]} Rb8 {[%emt 0:00:41]} 33. Ra1 {[%emt 0:00:42]} Ra8 {[%emt 0:00:08]} 34. Rxa8 {[%emt 0:00:25]} Nxa8 {[%emt 0:00:01]} 35. Bc5 {[%emt 0:00:02]} Nc7 {[%emt 0:00:14]} 36. Bf8 {[%emt 0:00:05]} Kf7 {[%emt 0:00:04]} 37. Bd6 {[%emt 0:00:10]} Ne6 {[%emt 0:00:20]} 38. g3 {[%emt 0:00:21]} Ke8 {[%emt 0:00:01]} 39. Kd5 {[%emt 0:00:04]} Kd7 {[%emt 0:00:01]} 40. Bb4 {[%emt 0:00:09]} h5 {[%emt 0:00:10]} 41. Bd6 {[%emt 0:00:08]} Ng5 {[%emt 0:00:17]} 42. Kc5 {[%emt 0:00:12]} Ne4+ {[%emt 0:00:01]} 43. Kxb5 {[%emt 0:00:12]} Nxc3+ {[%emt 0:00:02]} 44. Kxc4 {[%emt 0:00:01]} Ne4 {[%emt 0:00:02]} 45. Kd5 {[%emt 0:00:12]} Ng5 {[%emt 0:00:09]} 46. Bf8 {[%emt 0:00:18]} Ne6 {[%emt 0:00:02]} 47. Ba3 {[%emt 0:00:08]} Ng5 {[%emt 0:00:08]} 48. Bc1 {[%emt 0:00:10]} Ne6 {[%emt 0:00:01]} 49. Bd2 {[%emt 0:00:02]} g5 {[%emt 0:00:08]} 50. Be3 {[%emt 0:00:12]} g4 {[%emt 0:00:07]} 51. Ke4 {[%emt 0:00:07]} Ke7 {[%emt 0:00:34]} 52. Kf5 {[%emt 0:00:06]} Kf7 {[%emt 0:00:04]} 53. Bb6 {[%emt 0:00:28]} Ng7+ {[%emt 0:01:36]} 54. Kg5 {[%emt 0:00:02]} Ke6 {[%emt 0:00:23]} 55. Bd4 {[%emt 0:00:23]} Nf5 {[%emt 0:00:01]} 56. Bb2 {[%emt 0:00:13]} Ng7 {[%emt 0:00:10]} 57. Kh6 Kf7 {[%emt 0:00:23]} 58. Bc3 {[%emt 0:00:15]} Nf5+ {[%emt 0:00:21]} 59. Kxh5 {[%emt 0:00:06]} Ne3 {[%emt 0:00:06]} 60. Bd4 {[%emt 0:00:29]} Nf5 {[%emt 0:00:12]} 61. Bf2 {[%emt 0:00:18]} Ke6 {[%emt 0:00:01]} 62. Kxg4 {[%emt 0:00:03]} Kxe5 {[%emt 0:00:02]} 63. h4 {[%emt 0:00:05]} Kf6 {[%emt 0:00:06]} 64. Kf4 {[%emt 0:00:08]} Ne7 {[%emt 0:00:10]} 65. Bd4+ {[%emt 0:00:04]} Kg6 {[%emt 0:00:04]} 66. g4 {[%emt 0:00:13]} Nd5+ {[%emt 0:00:01]} 67. Ke4 {[%emt 0:00:05]} Ne7 {[%emt 0:00:03]} 68. h5+ {[%emt 0:00:06]} Kg5 {[%emt 0:00:09]} 69. Kf3 {[%emt 0:00:19]} Nd5 {[%emt 0:00:00]} 70. Be3+ {[%emt 0:00:05]} Kf6 {[%emt 0:00:16]} 71. g5+ {[%emt 0:00:06]} Kf5 {[%emt 0:00:08]} 72. h6 {[%emt 0:00:05]} Kg6 {[%emt 0:00:03]} 73. Ke4 {[%emt 0:00:10]} Ne7 {[%emt 0:00:02]} 74. Ke5 {[%emt 0:00:06]} Nc6+ {[%emt 0:00:48]} 75. Kf4 {[%emt 0:00:10]} Ne7 {[%emt 0:00:02]} 76. Bd4 {[%emt 0:00:09]} Nc6 {[%emt 0:00:08]} 77. Bf6 {[%emt 0:00:07]} Nb4 {[%emt 0:00:27]} 78. Ke5 {[%emt 0:00:18]} Nd3+ {[%emt 0:00:17]} 79. Kd6 {[%emt 0:00:04]} Nf4 {[%emt 0:00:14]} 80. Ke7 {[%emt 0:00:06]} Kh7 {[%emt 0:00:22]} 81. Kf7 {[%emt 0:00:09]} Ng6 {[%emt 0:00:25]} 82. Bg7 {[%emt 0:00:13]} Nf4 {[%emt 0:00:03]} 83. Kf6 {[%emt 0:00:03]} Ng6 {[%emt 0:00:02]} 84. Kf5 {[%emt 0:00:13]} Ne7+ {[%emt 0:00:01]} 85. Ke6 {[%emt 0:00:12]} Ng6 {[%emt 0:00:01]} 86. Be5 {[%emt 0:00:15]} Nf8+ {[%emt 0:00:03]} 87. Kf7 {[%emt 0:00:10]} Ng6 {[%emt 0:00:02]} 88. Bg3 {[%emt 0:00:08]} Nh8+ {[%emt 0:00:03]} 89. Kf6 {[%emt 0:00:10]} Ng6 {[%emt 0:00:01]} 90. Bd6 {[%emt 0:00:09]} Nh4 {[%emt 0:00:05]} 91. Kf7 {[%emt 0:00:03]} Ng6 {[%emt 0:00:03]} 92. Bg3 {[%emt 0:00:02]} Nh8+ {[%emt 0:00:02]} 93. Kf6 {[%emt 0:00:25]} Ng6 {[%emt 0:00:07]} 1/2-1/2

[Event "African Games-chT 2019"]
[Site "Casablanca"]
[Date "2019.08.24"]
[Round "4.33"]
[White "Mesfin, Leykun"]
[Black "Kourakoumba, Florent"]
[Result "1-0"]
[WhiteElo "2151"]
[BlackElo "1677"]
[Annotator "NA"]
[PlyCount "85"]
[EventDate "2019.08.24"]
[EventType "team-tourn"]
[EventCountry "MAR"]
[SourceTitle "playchess.com"]
[Source "ChessBase"]
[SourceQuality "1"]
[WhiteTeam "Ethiopia"]
[BlackTeam "CAF"]
[WhiteTeamCountry "ETH"]
[TimeControl "900+10"]

1. e4 {[%emt 0:00:00]} e6 {[%emt 0:00:00]} 2. d4 {[%emt 0:00:17]} d6 {[%emt 0:00:01]} 3. Bd3 {[%emt 0:00:18]} Nd7 {[%emt 0:00:08]} 4. f4 {[%emt 0:00:12]} Be7 {[%emt 0:00:14]} 5. Nf3 {[%emt 0:00:02]} Ngf6 {[%emt 0:00:06]} 6. O-O {[%emt 0:00:07]} O-O {[%emt 0:00:02]} 7. c3 {[%emt 0:00:47]} a6 {[%emt 0:00:04]} 8. Nbd2 {[%emt 0:00:28]} Ng4 {[%emt 0:00:07]} 9. Qe2 {[%emt 0:00:12]} f6 {[%emt 0:00:13]} 10. h3 {[%emt 0:00:14]} Nh6 {[%emt 0:00:03]} 11. Nc4 {[%emt 0:00:26]} b5 {[%emt 0:00:04]} 12. Ne3 {[%emt 0:00:05]} e5 {[%emt 0:00:08]} 13. Nd5 {[%emt 0:00:21]} c6 {[%emt 0:00:02]} 14. Nxe7+ {[%emt 0:00:08]} Qxe7 {[%emt 0:00:05]} 15. fxe5 {[%emt 0:00:10]} Nf7 {[%emt 0:00:08]} 16. exd6 {[%emt 0:00:20]} Nxd6 {[%emt 0:00:16]} 17. Bf4 {[%emt 0:00:17]} Nb6 {[%emt 0:00:22]} 18. e5 {[%emt 0:02:05]} Ndc4 {[%emt 0:00:04]} 19. b3 {[%emt 0:01:01]} Na5 {[%emt 0:00:10]} 20. Qe4 {[%emt 0:01:13]} g6 {[%emt 0:00:03]} 21. exf6 {[%emt 0:00:42]} Qxe4 {[%emt 0:00:08]} 22. Bxe4 {[%emt 0:00:02]} Rxf6 {[%emt 0:00:02]} 23. Bc7 {[%emt 0:00:02]} Re6 {[%emt 0:00:44]} 24. Ne5 {[%emt 0:00:39]} Nd7 {[%emt 0:00:29]} 25. Bxa5 {[%emt 0:00:07]} Nxe5 {[%emt 0:00:02]} 26. dxe5 {[%emt 0:00:02]} Bb7 {[%emt 0:00:07]} 27. Bc7 {[%emt 0:00:16]} Rc8 {[%emt 0:00:06]} 28. Bd6 {[%emt 0:00:04]} Rd8 {[%emt 0:00:05]} 29. Bf3 {[%emt 0:00:04]} h5 {[%emt 0:00:29]} 30. c4 {[%emt 0:00:12]} Rd7 {[%emt 0:00:10]} 31. cxb5 {[%emt 0:00:04]} axb5 {[%emt 0:00:02]} 32. a4 {[%emt 0:00:02]} b4 {[%emt 0:00:22]} 33. Rac1 {[%emt 0:00:19]} Kg7 {[%emt 0:00:18]} 34. Bxc6 {[%emt 0:00:13]} Bxc6 {[%emt 0:00:04]} 35. Rxc6 {[%emt 0:00:06]} Kh6 {[%emt 0:00:19]} 36. Bf8+ {[%emt 0:00:04]} Kg5 {[%emt 0:01:04]} 37. Rxe6 {[%emt 0:00:05]} Rd3 {[%emt 0:00:05]} 38. Rd6 {[%emt 0:00:45]} Rxb3 {[%emt 0:00:07]} 39. e6 {[%emt 0:00:15]} Rb2 {[%emt 0:00:11]} 40. Rd5+ {[%emt 0:00:12]} Kh4 {[%emt 0:00:11]} 41. Be7+ {[%emt 0:00:04]} g5 {[%emt 0:12:02]} 42. Rd4+ {[%emt 0:00:08]} Kg3 {[%emt 0:00:09]} 43. Rf3# {[%emt 0:00:05]} 1-0

[Event "African Games-chT 2019"]
[Site "Casablanca"]
[Date "2019.08.24"]
[Round "4.34"]
[White "Koualet-Bebondi, Vianney Archeveq"]
[Black "Gole, Habtamu Ashenafi"]
[Result "1-0"]
[WhiteElo "1679"]
[BlackElo "2046"]
[Annotator "NA"]
[PlyCount "91"]
[EventDate "2019.08.24"]
[EventType "team-tourn"]
[EventCountry "MAR"]
[SourceTitle "playchess.com"]
[Source "ChessBase"]
[SourceQuality "1"]
[WhiteTeam "CAF"]
[BlackTeam "Ethiopia"]
[BlackTeamCountry "ETH"]
[TimeControl "900+10"]

1. e4 {[%emt 0:00:00]} c5 {[%emt 0:00:00]} 2. d3 {[%emt 0:00:00]} Nc6 {[%emt 0:00:00]} 3. c3 e6 4. Nf3 {[%emt 0:00:34]} h6 {[%emt 0:00:22]} 5. Be2 {[%emt 0:00:04]} d5 {[%emt 0:00:05]} 6. exd5 {[%emt 0:00:21]} exd5 {[%emt 0:00:04]} 7. O-O {[%emt 0:00:03]} Nf6 {[%emt 0:00:06]} 8. Bf4 {[%emt 0:00:18]} Bd6 {[%emt 0:00:09]} 9. Bxd6 {[%emt 0:00:35]} Qxd6 {[%emt 0:00:03]} 10. h3 {[%emt 0:00:03]} O-O {[%emt 0:00:02]} 11. Nh2 {[%emt 0:00:03]} d4 {[%emt 0:00:20]} 12. f4 {[%emt 0:00:24]} Nd5 {[%emt 0:00:08]} 13. Qd2 {[%emt 0:00:21]} Ne3 {[%emt 0:00:12]} 14. Rf2 {[%emt 0:00:23]} Re8 {[%emt 0:00:03]} 15. Na3 {[%emt 0:00:15]} a6 {[%emt 0:00:52]} 16. Nc2 {[%emt 0:00:29]} Qg6 {[%emt 0:00:20]} 17. Kh1 {[%emt 0:01:03]} Qg3 {[%emt 0:00:47]} 18. Bf3 {[%emt 0:00:28]} Bd7 {[%emt 0:00:46]} 19. cxd4 {[%emt 0:00:12]} cxd4 {[%emt 0:00:02]} 20. Re1 {[%emt 0:00:26]} Kh7 {[%emt 0:01:41]} 21. Nxd4 {[%emt 0:00:12]} Nxd4 {[%emt 0:02:08]} 22. Rxe3 {[%emt 0:00:05]} g6 {[%emt 0:01:51]} 23. Bxb7 {[%emt 0:00:25]} Rxe3 {[%emt 0:00:15]} 24. Bxa8 {[%emt 0:00:09]} Rxd3 {[%emt 0:00:12]} 25. Qe1 {[%emt 0:00:47]} Qh4 {[%emt 0:01:26]} 26. Be4 {[%emt 0:01:12]} Rd1 {[%emt 0:00:58]} 27. Qxd1 {[%emt 0:00:25]} Qxf2 {[%emt 0:00:02]} 28. Qf1 {[%emt 0:00:31]} Qxb2 {[%emt 0:00:19]} 29. Bd5 {[%emt 0:00:54]} Ne2 {[%emt 0:00:49]} 30. Qf2 {[%emt 0:01:30]} Bb5 {[%emt 0:00:37]} 31. Nf1 {[%emt 0:00:20]} Qc1 {[%emt 0:00:43]} 32. Kh2 {[%emt 0:00:14]} Nxf4 {[%emt 0:00:13]} 33. Ne3 {[%emt 0:00:34]} Qc7 {[%emt 0:00:27]} 34. g3 {[%emt 0:00:14]} Nxd5 {[%emt 0:00:33]} 35. Nxd5 Qb7 {[%emt 0:01:59]} 36. Qd2 {[%emt 0:00:48]} Bc4 {[%emt 0:00:29]} 37. Nc3 {[%emt 0:01:02]} Be6 {[%emt 0:00:12]} 38. a4 {[%emt 0:01:15]} Qb4 {[%emt 0:00:02]} 39. Qc1 {[%emt 0:01:10]} h5 {[%emt 0:00:19]} 40. Qa1 {[%emt 0:00:27]} Qd4 {[%emt 0:00:02]} 41. Qb2 {[%emt 0:00:17]} Qe5 {[%emt 0:00:17]} 42. h4 {[%emt 0:00:39]} Bd5 {[%emt 0:00:06]} 43. Qd2 {[%emt 0:00:17]} Bc6 {[%emt 0:00:13]} 44. Qc2 {[%emt 0:00:57]} Qe1 {[%emt 0:00:06]} 45. Ne4 {[%emt 0:01:27]} Bxe4 {[%emt 0:00:06]} 46. Qc7 1-0

[Event "African Games-chT 2019"]
[Site "Casablanca"]
[Date "2019.08.24"]
[Round "5.1"]
[White "Adly, Ahmed"]
[Black "Zaibi, Amir"]
[Result "1-0"]
[WhiteElo "2636"]
[BlackElo "2367"]
[Annotator "ChessBase"]
[PlyCount "75"]
[EventDate "2019.08.24"]
[EventType "team-tourn"]
[EventCountry "MAR"]
[SourceTitle "playchess.com"]
[Source "ChessBase"]
[SourceQuality "1"]
[WhiteTeam "Egypt"]
[BlackTeam "Tunisia"]
[WhiteTeamCountry "EGY"]
[BlackTeamCountry "TUN"]
[TimeControl "900+10"]

1. d4 {[%emt 0:00:00]} d5 {[%emt 0:00:00]} 2. Nf3 {[%emt 0:00:00]} Nf6 {[%emt 0:00:00]} 3. Bf4 {[%emt 0:00:06]} c5 {[%emt 0:00:00]} 4. e3 {[%emt 0:00:02]} Nc6 {[%emt 0:00:02]} 5. c3 {[%emt 0:00:04]} Qb6 {[%emt 0:00:14]} 6. Qc1 {[%emt 0:00:09]} Bf5 {[%emt 0:00:14]} 7. Nbd2 {[%emt 0:00:13]} Rc8 {[%emt 0:00:16]} 8. Be2 {[%emt 0:00:23]} e6 {[%emt 0:00:40]} 9. O-O {[%emt 0:00:08]} Be7 {[%emt 0:00:14]} 10. h3 {[%emt 0:00:57]} h6 {[%emt 0:00:11]} 11. a4 {[%emt 0:01:05]} a6 {[%emt 0:00:27]} 12. dxc5 {[%emt 0:00:19]} Bxc5 {[%emt 0:00:24]} 13. b4 {[%emt 0:00:04]} Be7 {[%emt 0:00:18]} 14. b5 {[%emt 0:00:39]} axb5 {[%emt 0:00:36]} 15. axb5 {[%emt 0:00:02]} Na5 {[%emt 0:00:04]} 16. Be5 {[%emt 0:00:20]} O-O {[%emt 0:00:32]} 17. Ra4 {[%emt 0:00:03]} Qd8 {[%emt 0:00:56]} 18. Nd4 {[%emt 0:01:23]} Bh7 {[%emt 0:00:35]} 19. Qa1 {[%emt 0:00:02]} b6 {[%emt 0:00:33]} 20. c4 {[%emt 0:00:06]} Bd6 {[%emt 0:01:16]} 21. N4f3 {[%emt 0:01:45]} dxc4 {[%emt 0:01:06]} 22. Nxc4 {[%emt 0:00:24]} Nxc4 {[%emt 0:00:06]} 23. Rxc4 {[%emt 0:00:11]} Bxe5 {[%emt 0:00:31]} 24. Nxe5 {[%emt 0:00:39]} Qd2 {[%emt 0:00:42]} 25. Qc1 {[%emt 0:00:13]} Qxc1 {[%emt 0:02:59]} 26. Rfxc1 {[%emt 0:00:02]} Rxc4 {[%emt 0:00:00]} 27. Rxc4 {[%emt 0:00:01]} Be4 {[%emt 0:00:03]} 28. f3 {[%emt 0:00:01]} Bd5 {[%emt 0:00:54]} 29. Rc7 {[%emt 0:00:16]} Ne8 {[%emt 0:00:30]} 30. Ra7 {[%emt 0:02:34]} Nd6 {[%emt 0:01:08]} 31. e4 {[%emt 0:00:06]} Bb7 {[%emt 0:01:54]} 32. Nd7 {[%emt 0:00:05]} Rc8 {[%emt 0:00:13]} 33. e5 {[%emt 0:01:06]} Rc7 {[%emt 0:00:03]} 34. Nxb6 {[%emt 0:00:11]} Nf5 {[%emt 0:00:06]} 35. Bd3 {[%emt 0:00:26]} g6 {[%emt 0:01:38]} 36. Nc4 {[%emt 0:00:53]} Rd7 {[%emt 0:00:16]} 37. Bxf5 {[%emt 0:00:04]} gxf5 {[%emt 0:00:05]} 38. Nd6 {[%emt 0:00:02]} 1-0

[Event "African Games-chT 2019"]
[Site "Casablanca"]
[Date "2019.08.24"]
[Round "5.2"]
[White "Boudriga, Mohamed Ali"]
[Black "Amin, Bassem"]
[Result "0-1"]
[WhiteElo "2325"]
[BlackElo "2692"]
[Annotator "TA"]
[PlyCount "78"]
[EventDate "2019.08.24"]
[EventType "team-tourn"]
[EventCountry "MAR"]
[SourceTitle "playchess.com"]
[Source "ChessBase"]
[SourceQuality "1"]
[WhiteTeam "Tunisia"]
[BlackTeam "Egypt"]
[WhiteTeamCountry "TUN"]
[BlackTeamCountry "EGY"]

{[%evp 11,78,18,10,-16,0,-15,-3,-64,-68,-49,-43,-118,-112,-116,-109,-118,-103,-147,-131,-124,-123,-172,-160,-203,-202,-210,-208,-248,-235,-231,-231,-258,-261,-267,-256,-267,-265,-345,-335,-447,-206,-540,-459,-457,-453,-731,-676,-622,-505,-735,-456,-983,-986,-902,-574,-611,-547,-701,-518,-515,-514,-502,-497,-507,-499,-489,-479,-523,-470]} 1. e4 e5 2. Nf3 Nc6 3. Bb5 a6 4. Bxc6 dxc6 5. O-O Qd6 6. d3 f6 7. c3 $146 {C68: Ruy Lopez: Exchange Variation, sidelines} ({Predecessor:} 7. Nbd2 Be6 8. Qe2 Ne7 9. Nc4 Bxc4 10. dxc4 Ng6 11. Rd1 Qe6 12. Be3 Be7 13. c5 Rd8 14. Nd2 Kd7 {1-0 (29) Filippov,A (2630)-Vocaturo,D (2549) Barcelona 2013}) 7... Bg4 8. d4 O-O-O 9. Be3 (9. Nbd2 $11) 9... c5 10. d5 f5 $1 11. exf5 {[#]} ({White should play} 11. h3 $15 fxe4 12. hxg4 exf3 13. Qxf3) 11... e4 $1 $17 {[%cal Re4f3]} 12. Qa4 Bxf3 ({Don't play} 12... Qxd5 $6 13. Ng5 $11) 13. gxf3 exf3 14. Qg4 {[#]} Nf6 $1 $36 {[%mdl 2560] White is under strong pressure.} 15. Qxf3 Qxd5 ({But not} 15... Nxd5 16. Rd1 $15) 16. Qxd5 Rxd5 17. c4 Rxf5 18. Nc3 Bd6 19. Rad1 Rh5 20. f4 Ng4 {[%mdl 64] Double Attack} 21. Bc1 Rxh2 22. Ne4 Rd8 23. Rd3 Rc2 24. b3 Be7 25. Rg3 h5 (25... Nh2 $142 26. Rf2 Rxc1+ 27. Kxh2 Bh4 {[%mdl 64] Skewer} 28. Nxc5 b5) 26. a4 $2 (26. Rg2 {nothing else works.} Rxg2+ 27. Kxg2) 26... Rd4 {Black is clearly winning.} 27. Ng5 Bf6 28. Ne6 (28. Rg2 $142 Rxc1 {[%mdl 64] Deflection} 29. Rxc1 Rxf4 30. Ne6) 28... Re4 29. f5 b6 30. Rh3 h4 {Strongly threatening ...Ree2.} 31. Rd3 (31. Bg5 $142 Bxg5 32. Nxg5) 31... Ree2 $19 {( -> ...Rg2+)} 32. Bf4 Rg2+ 33. Kh1 Rgf2 {[%cal Rf2f1]} 34. Rfd1 Rxf4 {[%mdl 64] Clearance} 35. Nxf4 Nf2+ {[%mdl 64] Double Attack} 36. Kg1 {If only White now had time for R3d2....} Nxd1 37. Rxd1 Bd4+ 38. Kh1 Rf2 39. Ne6 Rxf5 {Accuracy: White = 25%, Black = 77%.} 0-1

[Event "African Games-chT 2019"]
[Site "Casablanca"]
[Date "2019.08.24"]
[Round "5.3"]
[White "Wafa, Shrook"]
[Black "Marzouk, Amira"]
[Result "1-0"]
[WhiteElo "2183"]
[BlackElo "1698"]
[Annotator "NA"]
[PlyCount "49"]
[EventDate "2019.08.24"]
[EventType "team-tourn"]
[EventCountry "MAR"]
[SourceTitle "playchess.com"]
[Source "ChessBase"]
[SourceQuality "1"]
[WhiteTeam "Egypt"]
[BlackTeam "Tunisia"]
[WhiteTeamCountry "EGY"]
[BlackTeamCountry "TUN"]
[TimeControl "900+10"]

1. e4 {[%emt 0:00:00]} c5 {[%emt 0:00:00]} 2. Nf3 {[%emt 0:00:00]} d6 {[%emt 0:00:00]} 3. Nc3 {[%emt 0:00:00]} Nf6 {[%emt 0:00:00]} 4. Bb5+ {[%emt 0:00:16]} Bd7 {[%emt 0:00:08]} 5. Bxd7+ {[%emt 0:00:11]} Nbxd7 {[%emt 0:00:18]} 6. d4 {[%emt 0:00:16]} cxd4 {[%emt 0:00:12]} 7. Nxd4 {[%emt 0:00:03]} g6 {[%emt 0:00:13]} 8. O-O {[%emt 0:00:18]} Bg7 {[%emt 0:00:03]} 9. Re1 {[%emt 0:00:12]} O-O {[%emt 0:00:07]} 10. Be3 {[%emt 0:00:27]} a6 {[%emt 0:00:15]} 11. f3 {[%emt 0:00:10]} Rc8 {[%emt 0:00:24]} 12. Qd2 {[%emt 0:00:54]} Re8 {[%emt 0:00:33]} 13. Rac1 {[%emt 0:00:23]} b5 {[%emt 0:01:10]} 14. a4 {[%emt 0:01:32]} b4 {[%emt 0:00:26]} 15. Nd5 {[%emt 0:02:01]} Nxd5 {[%emt 0:00:21]} 16. exd5 {[%emt 0:00:04]} a5 {[%emt 0:00:57]} 17. Nc6 {[%emt 0:02:40]} Qc7 {[%emt 0:00:07]} 18. Bd4 {[%emt 0:00:11]} Bxd4+ {[%emt 0:00:47]} 19. Qxd4 {[%emt 0:00:06]} Nb8 {[%emt 0:00:02]} 20. Na7 {[%emt 0:01:19]} Qc5 {[%emt 0:00:47]} 21. c3 {[%emt 0:01:36]} Qxd4+ {[%emt 0:05:12]} 22. cxd4 {[%emt 0:00:03]} Kf8 {[%emt 0:00:17]} 23. Rxc8 {[%emt 0:00:07]} Rxc8 {[%emt 0:00:02]} 24. Nxc8 {[%emt 0:00:02]} Nd7 {[%emt 0:00:24]} 25. Rxe7 {[%emt 0:00:12]} 1-0